Synopsis of human anatomy & physiology / (Record no. 2416)
[ view plain ]
| 000 -LEADER | |
|---|---|
| fixed length control field | 00816cam a2200241 a 4500 |
| 001 - CONTROL NUMBER | |
| control field | 675071 |
| 005 - DATE AND TIME OF LATEST TRANSACTION | |
| control field | 20241217140932.0 |
| 008 - FIXED-LENGTH DATA ELEMENTS--GENERAL INFORMATION | |
| fixed length control field | 951207s1997 iaua b 001 0 eng d |
| 020 ## - INTERNATIONAL STANDARD BOOK NUMBER | |
| International Standard Book Number | 9780697042965 |
| 050 04 - LIBRARY OF CONGRESS CALL NUMBER | |
| Classification number | QP41 |
| Item number | .V364 1997 |
| 082 00 - DEWEY DECIMAL CLASSIFICATION NUMBER | |
| Classification number | 612 |
| Edition information | 21 |
| 100 1# - MAIN ENTRY--PERSONAL NAME | |
| Personal name | Van De Graaff, Kent M. |
| Fuller form of name | (Kent Marshall), |
| Dates associated with a name | 1942- |
| 245 10 - TITLE STATEMENT | |
| Title | Synopsis of human anatomy & physiology / |
| Statement of responsibility, etc. | Kent M. Van De Graaff, Stuart Ira Fox, Karen M. LaFleur. |
| 260 ## - PUBLICATION, DISTRIBUTION, ETC. | |
| Place of publication, distribution, etc. | Dubuque, IA : |
| Name of publisher, distributor, etc. | Wm. C. Brown Publishers, |
| Date of publication, distribution, etc. | c1997. |
| 300 ## - PHYSICAL DESCRIPTION | |
| Extent | 1 v. (various pagings) : |
| Other physical details | ill. (chiefly col.) ; |
| Dimensions | 29 cm. |
| 650 #0 - SUBJECT ADDED ENTRY--TOPICAL TERM | |
| Topical term or geographic name entry element | Human physiology |
| General subdivision | Outlines, syllabi, etc. |
| 650 #0 - SUBJECT ADDED ENTRY--TOPICAL TERM | |
| Topical term or geographic name entry element | Human anatomy |
| General subdivision | Outlines, syllabi, etc. |
| 650 #2 - SUBJECT ADDED ENTRY--TOPICAL TERM | |
| Topical term or geographic name entry element | Anatomy. |
| 650 #2 - SUBJECT ADDED ENTRY--TOPICAL TERM | |
| Topical term or geographic name entry element | Physiology. |
| 700 1# - ADDED ENTRY--PERSONAL NAME | |
| Personal name | Fox, Stuart Ira. |
| 700 1# - ADDED ENTRY--PERSONAL NAME | |
| Personal name | LaFleur, Karen M. |
| 942 ## - ADDED ENTRY ELEMENTS (KOHA) | |
| Source of classification or shelving scheme | Library of Congress Classification |
| Koha item type | Books |
| Suppress in OPAC | No |
| 999 ## - | |
| -- | 2416 |
| -- | 2416 |
| Withdrawn status | Lost status | Source of classification or shelving scheme | Damaged status | Not for loan | Collection | Home library | Current library | Shelving location | Date acquired | Total checkouts | Full call number | Barcode | Date last seen | Copy number | Price effective from | Koha item type |
|---|---|---|---|---|---|---|---|---|---|---|---|---|---|---|---|---|
| Library of Congress Classification | Non-fiction | Science Library (Miotso) | Science Library (Miotso) | General stacks | 12/17/2024 | QP41 .V364 VAN | SLM00001704 | 12/17/2024 | 1 | 12/17/2024 | Books |